000 00619nam a22001937a 4500
005 20240615111302.0
008 220428b ||||| |||| 00| 0 eng d
040 _cAL
041 _aKannada
082 _223
_a923.2K
_bSHEB
100 _aVaddarse Raghuram shetty
_9170987
100 _932528
_d ವಡ್ಡರ್ಸೆ ರಘುರಾಮ್ ಶೆಟ್ಟಿ
245 _aBahurupi Arasu
_bಬಹುರೂಪಿ ಅರಸು
260 _aBangaluru
_bSapna Book House
_c2000
300 _avi,185 p.
_bPB
_c21x13 cm.
365 _c
_d₹75.00
700 _aSHETTY (Vaddarse Raghuram)
_932529
942 _2ddc
_cGF
999 _c222690
_d222690